Les canard et oies introduits en France - Statistiques

Statistiques générales
  • Ce quiz a été pris 8 fois
  • Le résultat moyen est 4 sur 47
Statistiques - réponses
Hint Réponse % Correct
Oie Bernache du canada
67%
Oie Bernache nonnette
50%
Oie Ouette d’Égypte
50%
Oie Oie cendrée
33%
Oie Oie des neiges
33%
Oie Bernache a cou roux
17%
Canard Canard carolin
17%
Canard Canard mandarin
17%
Canard Canard musqué
17%
Canard Nette brune
17%
Canard Nette demi deuil
17%
Oie Oie empereur
17%
Oie Ouette a tête grise
17%
Canard Sarcelle élégante
17%
Oie Bernache Nené
0%
Canard Canard à bec jaune
0%
Canard Canard à bosse bronzé
0%
Canard Canard à collier noir
0%
Canard Canard à crinière
0%
Canard Canard à faucilles
0%
Canard Canard amazonette
0%
Canard Canard de chiloé
0%
Canard Canard des bahamas
0%
Canard Canard du cap
0%
Oie Cereopse cendrée
0%
Cygne Cygne a cou noir
0%
Cygne Cygne noir
0%
Canard Dendrocygne a lunules
0%
Canard Dendrocygne a ventre noir
0%
Canard Dendrocygne fauve
0%
Canard Dendrocygne siffleur
0%
Canard Dendrocygne veuf
0%
Canard Erismature rousse
0%
Canard Fuligule de baer
0%
Oie Oie à tête barré
0%
Oie Oie cygnoide
0%
Oie Ouette de magellan
0%
Oie Ouette des Andes
0%
Canard Sarcelle à bec jaune
0%
Canard Sarcelle bariolée
0%
Canard Sarcelle canelle
0%
Canard Sarcelle de la puna
0%
Canard Sarcelle hottentote
0%
Canard Tadorne a tête grise
0%
Canard Tadorne casarca
0%
Oie Tadorne d’Australie
0%
Canard Tadorne radjah
0%
Aucun quiz correspondant
Distribution des résultats
% des personnes avec chaque résultat
Percentile par nombre de réponses
Votre historique - résultats
Vous n’avez pas pris ce quiz